| 000 | 00402nam a22001457a 4500 | ||
|---|---|---|---|
| 020 | _a0-07-035356-5 | ||
| 082 | _a658.4 KOO'M | ||
| 100 |
_aKOONTZ, HAROLD,O, DONNELL CYRIL _977526 |
||
| 245 | _aMANAGEMENT A SYSTEM AND CONTINGENCY ANALYSIS OF MANAGERIAL FUNCTIONS | ||
| 250 | _a6TH | ||
| 260 |
_aNEWYORK _bMCGRAW HILL _c1976 |
||
| 300 | _a824P | ||
| 650 |
_aINDUSTRIAL MANAGEMENT _99462 |
||
| 942 | _cBK | ||
| 999 |
_c582790 _d582790 |
||